LEADER 01886cam2-2200541---450 001 990001376720203316 005 20220722090202.0 010 $a0-19-814546-2 035 $a000137672 035 $aUSA01000137672 035 $a(ALEPH)000137672USA01 035 $a000137672 100 $a20040128d1907----km-y0itay50------ba 101 0 $agrc$alat 102 $aGB 105 $ay|||z|||001yy 200 1 $a<<5:>> Tetralogiam IX, Definitiones et spuria continens$frecognovit brevique adnotatione critica instruxit Ioannes Burnet 210 $aOxonii$ce Typographeo Clarendoniano$d1907 215 $a1 volume (paginazione varia)$d20 cm 410 0$1001000300544$aScriptorum classicorum bibliotheca Oxoniensis 461 0$1001000137555$12001$aPlatonis Opera 516 1 $aMinos; Leges; Epinomis; Epistulae; Definitiones; Spuria 540 1 $aTetralogiam 9., Definitiones et spuria continens 700 0$aPLATO$0292329 702 1$aBURNET,$bJohn 801 0$aIT$bsalbc$gISBD 912 $a990001376720203316 951 $aV.1. Coll.32/ 17/5(VIII A Coll 34/20.5)$b170348 L.M.$cV.1. Coll.$d00089516 951 $aAA 184 PLA$b3498 FIL 951 $aXV 21 845/5$bDispac$cXV 21 959 $aBK 969 $aUMA 969 $aFIL 969 $aFSO 969 $aFPAV 979 $aPAOLA$b90$c20040128$lUSA01$h1544 979 $aANGELA$b90$c20040129$lUSA01$h1254 979 $aPAOLA$b90$c20040129$lUSA01$h1345 979 $aPATRY$b90$c20040406$lUSA01$h1737 979 $aCOPAT6$b90$c20051123$lUSA01$h0928 979 $aCOPAT6$b90$c20060322$lUSA01$h1730 979 $c20121027$lUSA01$h1548 979 $c20121027$lUSA01$h1605 979 $c20121027$lUSA01$h1610 979 $aANNAMARIA$b90$c20121102$lUSA01$h1313 979 $aANNAMARIA$b90$c20130319$lUSA01$h1315 996 $aTetralogiam IX, Definitiones et spuria continens$9933250 997 $aUNISA